000 03598cam a22012854i 4500
003 PE-LiUPU
005 20250813185323.0
008 160304s2015 sp a rb 001 0 spa d
020 _a9788483568484
020 _a8483568489
035 _a(Sirsi) a156379
040 _aPE-LiUPU
_bspa
_cPE-LiUPU
_erda
041 1 _aspa
_heng
082 _a362.1095957
_bH23
100 1 _aHaseltine, William A.,
_eautor.
245 1 0 _aSalud, excelencia y sostenibilidad /
_cWilliam A. Haseltine ; prólogo de Juan José Güemes.
250 _aPrimera edición.
264 1 _aMadrid :
_bLID,
_c2015.
300 _a267 páginas :
_bilustraciones ;
_c22 cm
336 _atext
_2rdacontent
337 _aunmediated
_2rdamedia
338 _avolume
_2rdacarrier
490 0 _aColección Acción empresarial
504 _aBibliografía : páginas 233-255.
504 _aÍndice : páginas 257-267.
505 0 _aGeneralidades del sistema de salud en Singapur -- Alta calidad, bajo costo -- Ayudar a los pacientes a pagar -- Control de costos -- Fianciamiento -- Diseño e infraestructura -- Invertir en el futuro a traves de formación en medicina e investigación -- De cara al futuro.
526 _aP202
526 _aP201
526 _aP163
526 _aP162
526 _aP161
526 _aP160
526 _aP148
526 _aP147
526 _aP146
526 _aP145
526 _aP144
526 _aP143
526 _aP142
526 _aP141
526 _aP140
526 _aP139
526 _aP138
526 _aP137
526 _aP136
526 _aP135
526 _aP134
526 _aP133
526 _aP129
526 _aP128
526 _aP127
526 _aP120
526 _aP119
526 _aP118
526 _aP116
526 _aP115
526 _aP114
526 _aP110
526 _aP109
526 _aP108
526 _aP104
526 _aP103
526 _aP102
526 _aP99
526 _aP98
526 _aP97
526 _aP96
526 _aP95
526 _aP93
526 _aP90
526 _aP89
526 _aP88
526 _aP83
526 _aP82
526 _aP62
526 _aP59
526 _aP58
526 _aP57
526 _aP51
526 _aP49
526 _aP48
526 _aP47
526 _aP29
526 _aP24
526 _aP20
526 _aP19
526 _aP17
526 _aP15
526 _aP14
526 _aP12
526 _aP10
526 _aP09
526 _aP08
526 _aP07
526 _aP06
526 _aP05
526 _aP04
526 _aP01
534 _pTítulo original :
_tAffordable excellence
650 0 4 _aAsistencia sanitaria
_xAnálisis coste-beneficio
651 4 _aSingapur
_xPolítica sanitaria.
_2embne
700 1 _aGüemes, Juan José,
_eprologuista.
942 _2ddc
_cBOOK
949 _a362.1095957 H23
_wDEWEY
_c1
_i72687
_lCG1
_mBUL
_p16.86
_r0
_sY
_tBOOK
_v2016-04-06
_xPOSGRADO
_PP22
_0staff.coleccion general
949 _a362.1095957 H23
_wDEWEY
_c2
_i72688
_lCG1
_mBUL
_p16.86
_r0
_sY
_tBOOK
_v2016-04-06
_xPOSGRADO
_PP22
_0staff.coleccion general
596 _a1
999 _a362.1095957 H23
_wDEWEY
_c9060
_i72687
_d9060
_e2018-5-27
_f2021-11-3
_g5
_lCCODEBUL1
_mBUL
_n1
_p20.00
_r0
_sY
_tBOOK
_u2016-3-4
_xSALUD
_PP69
_0COMPRA
_o.STAFF. Posgrado
999 _a362.1095957 H23
_wDEWEY
_c2
_i72688
_f2021-11-3
_g5
_lCCODEBUL1
_mBUL
_p20.00
_r0
_sY
_tBOOK
_u2016-3-4
_xSALUD
_PP69
_0COMPRA
_o.STAFF. Posgrado
980 _81
_gALBERTO SANCHEZ Responsable de Automatización